MARC

Tag First Indicator Second Indicator Subfields
LEADER 00000cam a22000001i 4500
001 in00004074821
005 20191021080056.0
006 m |o d |
007 cr |n|||||||||
008 190722t20192019enk ob 001 0 eng d
020 |a 9780429028847 (electronic bk.) 
020 |a 0429028849 (electronic bk.) 
020 |z 9780367138479 
020 |z 0367138476 
024 8 |a 40029240727 
035 |a (NhCcYBP)ybp16184885 
040 |a NhCcYBP  |c NhCcYBP  |d UtOrBLW 
043 |a e------  |a n-us--- 
050 4 |a JZ1570.A57  |b U665 2019 
082 0 4 |a 341.242/20973  |2 23 
245 0 4 |a The politics of resilience and transatlantic order :  |b enduring crisis? /  |c edited by Gordon Friedrichs, Sebastian Harnisch and Cameron G. Thies. 
264 1 |a Abingdon, Oxon ;  |a New York, NY :  |b Routledge,  |c 2019. 
264 4 |c ©2019 
300 |a 1 online resource. 
336 |a text  |b txt  |2 rdacontent 
337 |a computer  |b c  |2 rdamedia 
338 |a online resource  |b cr  |2 rdacarrier 
490 1 |a Routledge studies on challenges, crises and dissent in world politics 
504 |a Includes bibliographical references and index. 
505 0 |a Theorizing transatlantic crisis resilience : an introduction / Sebastian Harnisch, Cameron G. Thies, and Gordon Friedrichs -- America first, NATO second : deciphering the Dutch-American alliance in post-9/11 out-of-area operations / Arthur ten Cate -- Ukraine crises and the limits of transatlantic cooperation / Sergiy Kudelia -- Thaw or containment? : NATO divisions over Russia and the quest for alliance credibility / Sebastian Mayer -- New politics of burden-sharing in NATO? : crisis, conflict, and resilience in an era of populism / Serena Simoni and Sebastian Harnisch -- Preventing crisis militarization : the European Union, the United States and the Iranian nuclear program / Sebastian Harnisch -- The Joint Comprehensive Plan of Action at a crossroads / David Santoro -- Business as usual or norm promotion? : divergent modes and consequences of transatlantic crisis resilience in cybersecurity and data protection after the Snowden revelations / Wolf Schünemann -- A crisis of trust : transatlantic cybersecurity relations in the post-Snowden era / Ryan C. Maness -- A coming transatlantic clash over international development banks? : the case of the Asian infrastructure development bank / Klaus Rohland -- International development banks in the aftermath of the global financial crisis : a turn from transatlanticism? / Cameron G. Thies -- "Brexit" and the politics of resilience in the U.S.-UK special relationship / Kai Oppermann -- A new grand bargain? : Trumpian populism and shifts in liberal economic order / Gordon Friedrichs -- The logic of crisis resilience in transatlantic relations / Sebastian Harnisch, Cameron G. Thies, Gordon Friedrichs. 
588 |a Description based on print version record. 
500 |a Electronic resource. 
610 2 0 |a North Atlantic Treaty Organization.  |0 http://id.loc.gov/authorities/names/n79006743 
651 0 |a European Union countries  |x Foreign relations  |z United States. 
651 0 |a United States  |x Foreign relations  |z European Union countries. 
650 0 |a Security, International  |x International cooperation. 
650 0 |a World politics  |y 21st century.  |0 http://id.loc.gov/authorities/subjects/sh99010754 
655 7 |a Electronic books.  |2 local 
700 1 |a Friedrichs, Gordon,  |e editor.  |0 http://id.loc.gov/authorities/names/n2019016642 
700 1 |a Harnisch, Sebastian,  |e editor.  |0 http://id.loc.gov/authorities/names/no97019554 
700 1 |a Thies, Cameron G.,  |e editor.  |0 http://id.loc.gov/authorities/names/n2013005375 
710 2 |a Taylor & Francis.  |0 http://id.loc.gov/authorities/names/n84073022 
776 1 8 |i ebook version :  |z 9780429647451 
776 1 8 |c Original  |z 9780367138479  |z 0367138476  |w (DLC) 2019002757 
830 0 |a Routledge studies on challenges, crises, and dissent in world politics.  |0 http://id.loc.gov/authorities/names/no2016152107 
856 4 0 |u http://proxy.library.tamu.edu/login?url=https://www.taylorfrancis.com/books/9780429028847  |z Connect to the full text of this electronic book  |t 0 
955 |a YBP purchased approval e-records 
980 |b 154.00  |g 1 
999 f f |s a53bffc2-1d10-3266-a3c5-413d776dceab  |i 5afe9e1b-f5a8-36d8-96c9-a42c401c9712  |t 0 
952 f f |a Texas A&M University  |b College Station  |c Electronic Resources  |d Available Online  |t 0  |e JZ1570.A57 U665 2019  |h Library of Congress classification 
998 f f |a JZ1570.A57 U665 2019  |t 0  |l Available Online